[Event "Mittelfranken-chTB2b 1920"]
[Site "Mittelfranken"]
[Date "2020.03.22"]
[Round "8.8"]
[White "Merdian, Nick"]
[Black "Guttenberger, Severin"]
[Result "0-1"]
[WhiteElo "1551"]
[BlackElo "1704"]
[PlyCount "58"]
[EventDate "2019.10.13"]
[EventType "team-tourn"]
[EventRounds "9"]
[EventCountry "GER"]
[SourceTitle "EXT 2023"]
[Source "ChessBase"]
[SourceDate "2022.10.05"]
[SourceVersion "1"]
[SourceVersionDate "2022.10.05"]
[SourceQuality "1"]
[WhiteTeam "Postbauer Heng II"]
[BlackTeam "Stein SC"]
[WhiteTeamCountry "GER"]
[BlackTeamCountry "GER"]

1. d4 d6 2. c4 Nf6 3. Nc3 g6 4. e4 Bg7 5. Nf3 0-0 6. Be2 Nbd7 7. 0-0 e5 8. d5 h6 9. h3 Nh7 10. Be3 f5 11. exf5 gxf5 12. Qc2 f4 13. Bd2 Nc5 14. Bd3 Nxd3 15. Qxd3 Bf5 16. Qe2 Ng5 17. Kh1 Qf6 18. Nxg5 hxg5 19. Ne4 Qg6 20. f3 Kf7 21. Kg1 Rh8 22. Kf2 Rag8 23. b4 Bf6 24. c5 g4 25. Nxf6 gxf3 26. Qxf3 Kxf6 27. Rg1 Be4 28. Qe2 Qg3+ 29. Kf1 Bd3 0-1